000 00238nam a2200097Ia 4500
008 180205s9999 xx 000 0 und d
100 _aVanhoose, David
245 _aEconomerce economics /
260 _aUSA
_bUSA
_c2003
300 _a513 pages
999 _c354830
_d354830